Capacidad soportante de paredes de mampostería confinada ante cargas laterales

Đã lưu trong:
Chi tiết về thư mục
Tác giả chính: Acón Rojas, Federico, 1976-
Định dạng: Sách
Ngôn ngữ:Spanish
Được phát hành: San José, Costa Rica 1999
Những chủ đề:
Các nhãn: Thêm thẻ
Không có thẻ, Là người đầu tiên thẻ bản ghi này!

MARC

LEADER 00000nam a2200000Ia 4500
003 008436
005 20230922104442.0
008 140114s1999 cr a m 000 ||spa d
040 |c cru CEDI 
090 |a TFG 4084 
100 |a Acón Rojas, Federico, 1976-  |9 1622 
245 |a Capacidad soportante de paredes de mampostería confinada ante cargas laterales  
260 |a  San José, Costa Rica  |c 1999 
300 |a  xii, 111 hojas : ilustraciones a color.  
500 |a  Proyecto de graduación(licenciatura en ingeniería civil)--Universidad de Costa Rica. Facultad de Ingeniería. Escuela de Ingeniería Civil 
501 |a Director de Proyecto de Graduación: Ing. Juan Pastor Gómez, Ph.D. 
650 |x MAMPOSTERIA   |x CONSTRUCCIONES ANTISISMICAS   |x MUROS   |x DISEÑO DE ESTRUCTURAS  |9 5492 
942 |c CEDI 
999 |c 18384  |d 18384